000 00614nam a22002417a 4500
003 UA-OsUOA
001 20401
007 ta
008 20031028b un ||||| |||| 00| 0 ukr d
100 _aБаранский Н.Н.
090 _a910.1 (470+571)
_bБ24
942 _cBK
040 _aUA-OsUOA
_brus
_cUA-OsUOA
_dUA-OsUOA
245 _aНаучные принципы географии
_bизбранные труды
300 _a239 с.
955 _a0
041 _arus
080 _a910.1 (470+571)
260 _aМосква
_bМысль
_c1980
044 _aRU
650 7 _2UDC
999 _c306578
_d306578